[Event "Paracin op-A 15th"]
[Site "Paracin"]
[Date "2022.07.08"]
[Round "1"]
[White "Amartuvshin, Ganzorig"]
[Black "Papaioannou, Dimitrios1111"]
[Result "1-0"]
[WhiteElo "2409"]
[BlackElo "2142"]
[PlyCount "43"]
[EventDate "2022.07.08"]
[EventType "swiss"]
[EventRounds "9"]
[EventCountry "SRB"]
[SourceTitle "EXT 2023"]
[Source "ChessBase"]
[SourceDate "2022.10.05"]
[SourceVersion "1"]
[SourceVersionDate "2022.10.05"]
[SourceQuality "1"]

1. d4 Nf6 2. c4 g6 3. Nc3 Bg7 4. e4 d6 5. Be2 0-0 6. Nf3 e5 7. d5 a5 8. Bg5 h6 9. Be3 Ng4 10. Bd2 f5 11. h3 Nf6 12. exf5 gxf5 13. Qc1 f4 14. g3 Na6 15. gxf4 e4 16. Nd4 Nxd5 17. Nxd5 Bxd4 18. Bc3 c5 19. Qd2 e3 20. Rg1+ Kh7 21. fxe3 Qh4+ 22. Kd1 1-0

[Event "Novi Sad Serbia op-A"]
[Site "Novi Sad"]
[Date "2022.07.03"]
[Round "6"]
[White "Ram, Aravind LN"]
[Black "Amartuvshin, Ganzorig"]
[Result "1/2-1/2"]
[WhiteElo "2219"]
[BlackElo "2409"]
[PlyCount "116"]
[EventDate "2022.06.28"]
[EventType "swiss"]
[EventRounds "9"]
[EventCountry "SRB"]
[SourceTitle "EXT 2023"]
[Source "ChessBase"]
[SourceDate "2022.10.05"]
[SourceVersion "1"]
[SourceVersionDate "2022.10.05"]
[SourceQuality "1"]

1. e4 c5 2. Nf3 e6 3. d4 cxd4 4. Nxd4 Nc6 5. Nc3 Qc7 6. Be3 a6 7. g4 Nge7 8. Ndb5 axb5 9. Nxb5 Qa5+ 10. Bd2 Qb6 11. Be3 Qa5+ 12. Bd2 Qb6 13. Nd6+ Kd8 14. Nxf7+ Ke8 15. Nd6+ Kd8 16. Nf7+ Ke8 17. Nxh8 Qxb2 18. Rb1 Qd4 19. Qf3 Ne5 20. Qe3 Qxe3+ 21. Bxe3 g6 22. f4 N5c6 23. h4 Bg7 24. Nxg6 Nxg6 25. e5 Ra4 26. Bb5 Rxa2 27. h5 Nge7 28. h6 Bh8 29. Bd3 Nb4 30. Bc4 Ra4 31. Bb3 Ra8 32. Bd2 Nbc6 33. c3 Kf8 34. 0-0 b5 35. Ra1 Rb8 36. Bc2 Kg8 37. Rfb1 d6 38. exd6 Nd5 39. Ra3 Bd7 40. c4 b4 41. cxd5 bxa3 42. dxc6 Rxb1+ 43. Bxb1 Bxc6 44. Bb4 Bd4+ 45. Kh2 Be3 46. Kg3 Bc1 47. Ba2 Kf7 48. f5 Bd7 49. fxe6+ Bxe6 50. Kh4 Be3 51. d7 Bb6 52. Bxe6+ Kxe6 53. Bxa3 Kxd7 54. g5 Ke6 55. g6 hxg6 56. Bb2 Bd8+ 57. Kg4 Bf6 58. Bxf6 Kxf6 1/2-1/2

[Event "Novi Sad Serbia op-A"]
[Site "Novi Sad"]
[Date "2022.07.02"]
[Round "5"]
[White "Amartuvshin, Ganzorig"]
[Black "Budisavljevic, Luka"]
[Result "0-1"]
[WhiteElo "2409"]
[BlackElo "2511"]
[PlyCount "88"]
[EventDate "2022.06.28"]
[EventType "swiss"]
[EventRounds "9"]
[EventCountry "SRB"]
[SourceTitle "EXT 2023"]
[Source "ChessBase"]
[SourceDate "2022.10.05"]
[SourceVersion "1"]
[SourceVersionDate "2022.10.05"]
[SourceQuality "1"]

1. d4 d5 2. c4 e6 3. Nf3 Nf6 4. Nc3 a6 5. cxd5 exd5 6. Bg5 Be6 7. e3 Nbd7 8. Bd3 Bd6 9. Bf4 Bxf4 10. exf4 Bg4 11. Qe2+ Kf8 12. 0-0 c6 13. h3 Bxf3 14. Qxf3 Qb6 15. Ne2 Re8 16. f5 Qc7 17. Rac1 Qd6 18. Rfe1 g5 19. fxg6 hxg6 20. Nf4 Kg7 21. Bxg6 Rxe1+ 22. Rxe1 Rh4 23. g4 fxg6 24. Qg3 Kf7 25. Re6 Qb8 26. Qe3 Qd8 27. Rd6 Ne4 28. Re6 g5 29. Rxe4 dxe4 30. Qb3+ Ke8 31. Ng6 Qf6 32. Nxh4 gxh4 33. Qxb7 e3 34. fxe3 Qf3 35. Qxa6 Qxe3+ 36. Kf1 Qxh3+ 37. Ke1 Qg3+ 38. Kf1 Qf3+ 39. Ke1 h3 40. Qc8+ Ke7 41. Qh8 Qe4+ 42. Kf2 Qg2+ 43. Ke3 h2 44. Qh7+ Kd8 0-1

[Event "MGL-ch"]
[Site "Chinggis City"]
[Date "2022.05.23"]
[Round "11"]
[White "Agibileg, Uurtsaikh"]
[Black "Amartuvshin, Ganzorig"]
[Result "0-1"]
[WhiteElo "2440"]
[BlackElo "2350"]
[PlyCount "102"]
[EventDate "2022.05.12"]
[EventType "tourn"]
[EventRounds "11"]
[EventCountry "MGL"]
[EventCategory "7"]
[SourceTitle "CBM 208 Extra"]
[Source "ChessBase"]
[SourceDate "2022.07.31"]
[SourceVersion "1"]
[SourceVersionDate "2022.07.31"]
[SourceQuality "1"]

1. d4 Nf6 2. c4 e6 3. Nc3 Bb4 4. a3 Bxc3+ 5. bxc3 Nc6 6. f3 b6 7. e4 Ba6 8. Bd3 Na5 9. Qe2 Nb3 10. Rb1 Nxc1 11. Rxc1 Nh5 12. g3 0-0 13. f4 g6 14. Nf3 d5 15. cxd5 Bxd3 16. Qxd3 exd5 17. e5 Ng7 18. 0-0 Qd7 19. Nh4 c5 20. f5 cxd4 21. cxd4 Rac8 22. e6 fxe6 23. fxg6 h5 24. Rxf8+ Rxf8 25. Nf3 Qe7 26. Ne5 Nf5 27. h4 b5 28. Qf3 Qg7 29. Kh2 Qh6 30. Rc7 Nxh4 31. Qe2 Nf5 32. Nd7 Qxg6 33. g4 hxg4 34. Nxf8 Qh5+ 35. Kg1 Nxd4 36. Qf2 Nf3+ 37. Kf1 Nh2+ 38. Ke1 Qe5+ 39. Kd1 Qxc7 40. Nxe6 Qf7 41. Nf4 Nf3 42. Nd3 Ne5 43. Nf4 Ng6 44. Qg2 Qxf4 45. Qxd5+ Kg7 46. Qxb5 g3 47. Qd7+ Kh6 48. Kc2 Qf2+ 49. Kb3 g2 50. Ka4 g1Q 51. Qh3+ Qh4+ 0-1

[Event "MGL-ch"]
[Site "Chinggis City"]
[Date "2022.05.20"]
[Round "8"]
[White "Amartuvshin, Ganzorig"]
[Black "Enkhnar, Enkhbaatar"]
[Result "1-0"]
[WhiteElo "2350"]
[BlackElo "2368"]
[PlyCount "79"]
[EventDate "2022.05.12"]
[EventType "tourn"]
[EventRounds "11"]
[EventCountry "MGL"]
[EventCategory "7"]
[SourceTitle "CBM 208 Extra"]
[Source "ChessBase"]
[SourceDate "2022.07.31"]
[SourceVersion "1"]
[SourceVersionDate "2022.07.31"]
[SourceQuality "1"]

1. d4 Nf6 2. c4 e6 3. Nf3 d5 4. Nc3 c6 5. e3 Nbd7 6. Qc2 Bd6 7. Bd3 0-0 8. 0-0 dxc4 9. Bxc4 e5 10. h3 Qc7 11. e4 exd4 12. Nxd4 Bf4 13. Bxf4 Qxf4 14. Nde2 Qg5 15. Bb3 Nb6 16. f4 Qc5+ 17. Kh1 Be6 18. Bxe6 fxe6 19. Qb3 Qc4 20. Qxc4 Nxc4 21. e5 Nd5 22. Ne4 Nxb2 23. Rab1 Nc4 24. g3 Rf7 25. Rfd1 Re7 26. Rbc1 Ncb6 27. Nc5 Rb8 28. Nd4 Kf7 29. a4 Ne3 30. Rd3 Ned5 31. a5 Nd7 32. Ne4 Nf8 33. Rb3 Rc7 34. a6 Kg6 35. Rxc6 b5 36. f5+ Kh6 37. fxe6 Rxc6 38. Nxc6 Re8 39. e7 Nxe7 40. Nd6 1-0

[Event "MGL-ch"]
[Site "Chinggis City"]
[Date "2022.05.18"]
[Round "6"]
[White "Ganerdene, Sugar"]
[Black "Amartuvshin, Ganzorig"]
[Result "0-1"]
[WhiteElo "2419"]
[BlackElo "2350"]
[PlyCount "56"]
[EventDate "2022.05.12"]
[EventType "tourn"]
[EventRounds "11"]
[EventCountry "MGL"]
[EventCategory "7"]
[SourceTitle "CBM 208 Extra"]
[Source "ChessBase"]
[SourceDate "2022.07.31"]
[SourceVersion "1"]
[SourceVersionDate "2022.07.31"]
[SourceQuality "1"]

1. e4 c5 2. Nf3 e6 3. d4 cxd4 4. Nxd4 Nc6 5. Nc3 Qc7 6. Be3 a6 7. Qf3 Nf6 8. 0-0-0 Ne5 9. Qg3 b5 10. a3 Bb7 11. Bxb5 Rc8 12. Ba4 Nxe4 13. Nxe4 Bxe4 14. Bf4 Qa5 15. Bxe5 Qxa4 16. Rd2 f6 17. Bd6 Kf7 18. Re1 Bg6 19. Bxf8 Rhxf8 20. Qd6 Kg8 21. f4 Qc4 22. Qxd7 Bf7 23. Nxe6 Qa2 24. Rde2 Qa1+ 25. Kd2 Qxb2 26. Nxf8 Qc3+ 27. Kd1 Rb8 28. Kc1 Ba2 0-1

[Event "MGL-ch"]
[Site "Chinggis City"]
[Date "2022.05.15"]
[Round "4"]
[White "Boldoo, Erdenepurev"]
[Black "Amartuvshin, Ganzorig"]
[Result "1/2-1/2"]
[WhiteElo "2371"]
[BlackElo "2350"]
[PlyCount "141"]
[EventDate "2022.05.12"]
[EventType "tourn"]
[EventRounds "11"]
[EventCountry "MGL"]
[EventCategory "7"]
[SourceTitle "CBM 208 Extra"]
[Source "ChessBase"]
[SourceDate "2022.07.31"]
[SourceVersion "1"]
[SourceVersionDate "2022.07.31"]
[SourceQuality "1"]

1. d4 Nf6 2. c4 e6 3. Nc3 Bb4 4. Qc2 b6 5. e4 c5 6. dxc5 Bxc5 7. Be2 Nc6 8. Nf3 Qc7 9. 0-0 a6 10. h3 Bb7 11. a3 Nd4 12. Qd3 Nxe2+ 13. Qxe2 Rc8 14. b4 Be7 15. Nd2 d6 16. Bb2 0-0 17. Rac1 Nd7 18. Nd1 Qd8 19. Nf3 Rc7 20. Qd3 Qa8 21. Nd2 Rfc8 22. Ne3 Ne5 23. Bxe5 dxe5 24. f3 Rc6 25. Nb3 a5 26. Qc3 axb4 27. axb4 Qa4 28. Rb1 Qxb4 29. Qxe5 Bd6 30. Qd4 Bf4 31. e5 Bg5 32. Nd2 Qe7 33. Ne4 Rd8 34. Nd6 f6 35. c5 fxe5 36. Qe4 Ba8 37. Ra1 Bxe3+ 38. Qxe3 Rxc5 39. Ne4 Bxe4 40. Qxe4 Rcd5 41. Rfb1 b5 42. Ra6 Rf8 43. Qg4 Re8 44. Kh1 Qf6 45. Rb6 Rd4 46. Qg3 e4 47. fxe4 Rxe4 48. Rb8 Rf8 49. R1xb5 Rf4 50. R5b7 g6 51. Kh2 Rxb8 52. Rxb8+ Kg7 53. Rb7+ Kh6 54. Qe3 Qd4 55. Qxd4 Rxd4 56. Re7 Re4 57. Kg3 g5 58. Kf3 Re5 59. g4 Kg6 60. Kf2 h5 61. gxh5+ Kxh5 62. Kf3 Kg6 63. Re8 Re1 64. Rg8+ Kf6 65. Rf8+ Kg7 66. Ra8 Rb1 67. Kg4 Rg1+ 68. Kf3 Kf6 69. Rg8 Kf5 70. Rf8+ Ke5 71. Rg8 1/2-1/2

[Event "MGL-ch"]
[Site "Chinggis City"]
[Date "2022.05.12"]
[Round "1"]
[White "Amartuvshin, Ganzorig"]
[Black "Bilguun, Sumiya"]
[Result "0-1"]
[WhiteElo "2350"]
[BlackElo "2454"]
[PlyCount "164"]
[EventDate "2022.05.12"]
[EventType "tourn"]
[EventRounds "11"]
[EventCountry "MGL"]
[EventCategory "7"]
[SourceTitle "CBM 208 Extra"]
[Source "ChessBase"]
[SourceDate "2022.07.31"]
[SourceVersion "1"]
[SourceVersionDate "2022.07.31"]
[SourceQuality "1"]

1. d4 d5 2. c4 e6 3. Nf3 c6 4. Bg5 Be7 5. Bxe7 Qxe7 6. e3 Nf6 7. Nc3 Nbd7 8. cxd5 exd5 9. Qc2 0-0 10. Bd3 Re8 11. 0-0 Nf8 12. Ne5 Ng4 13. Nxg4 Bxg4 14. Rab1 Rad8 15. Ne2 Bxe2 16. Qxe2 Ne6 17. Qg4 g6 18. h4 h5 19. Qg3 c5 20. dxc5 Nxc5 21. Bb5 Rf8 22. Rfd1 Ne4 23. Qf4 Rd6 24. f3 Nc5 25. Qg5 Qxg5 26. hxg5 Ne6 27. Rd2 Nxg5 28. Rbd1 Ne6 29. Bc4 d4 30. exd4 Rc8 31. Bb3 h4 32. Kf2 Nf4 33. Re1 Kf8 34. Re4 g5 35. d5 Rc1 36. Re5 f6 37. Re3 b5 38. Rc3 Rxc3 39. bxc3 Ke7 40. Ke3 Ra6 41. Kd4 Kd6 42. Ke4 Kc5 43. Rc2 Rd6 44. c4 b4 45. Kf5 a5 46. Kg4 Ng6 47. Kf5 Ne7+ 48. Ke4 Nc8 49. Kd3 Nb6 50. a3 bxa3 51. Re2 Nd7 52. Kc3 Ne5 53. Ra2 a4 54. Bxa4 Nxc4 55. Bb3 Ne3 56. Rxa3 Nxg2 57. Ra5+ Kb6 58. Ra8 Ne1 59. f4 g4 60. Rb8+ Kc7 61. Rh8 h3 62. Kc4 Rd7 63. Ba4 Rg7 64. Bb5 Kb6 65. d6 g3 66. Rb8+ Rb7 67. Ra8 Rg7 68. Rb8+ Ka7 69. Re8 h2 70. Bc6 Kb6 71. Bd5 g2 72. Rb8+ Ka6 73. Ra8+ Ra7 74. Bxg2 Nxg2 75. Rh8 Kb6 76. Kd5 Nxf4+ 77. Ke4 Ra4+ 78. Kf5 Kc6 79. Kxf6 Ra2 80. Rh6 Rf2 81. Ke7 Nd5+ 82. Ke8 Nf6+ 0-1

[Event "Asian Hybrid"]
[Site "Tornelo INT"]
[Date "2021.05.29"]
[Round "9"]
[White "Amartuvshin, Ganzorig"]
[Black "Nurgali, Nazerke"]
[Result "1-0"]
[WhiteElo "2350"]
[BlackElo "2217"]
[PlyCount "123"]
[EventDate "2021.05.21"]
[EventType "swiss"]
[EventRounds "9"]
[EventCountry "NET"]
[SourceTitle "CBM 202 Extra"]
[Source "ChessBase"]
[SourceDate "2021.07.31"]
[SourceVersion "1"]
[SourceVersionDate "2021.07.31"]
[SourceQuality "1"]

1. d4 d5 2. c4 e6 3. Nc3 Be7 4. cxd5 exd5 5. Bf4 Nf6 6. e3 0-0 7. Bd3 b6 8. Nf3 Bb7 9. 0-0 c5 10. Rc1 Na6 11. dxc5 Nxc5 12. Qe2 Nfe4 13. Be5 Bf6 14. Bxf6 Qxf6 15. Rfd1 Rfd8 16. Rc2 Rac8 17. Rdc1 Nxd3 18. Qxd3 Nc5 19. Qd4 Qf5 20. Ne2 Ne6 21. Rxc8 Rxc8 22. Rxc8+ Bxc8 23. Qd1 Nc5 24. Nf4 Bb7 25. Nd4 Qd7 26. h3 h6 27. Qh5 Ne4 28. Qe5 Nd6 29. Nh5 Ne8 30. Qxg7+ Nxg7 31. Nf6+ Kf8 32. Nxd7+ Ke7 33. Ne5 a5 34. g4 Bc8 35. Kg2 Ne8 36. b3 Nd6 37. f3 Nb7 38. Kg3 Nc5 39. a3 Kf6 40. Kf4 a4 41. bxa4 Nxa4 42. Nd3 Nc3 43. Nb4 Be6 44. h4 Nb1 45. Nb5 Ke7 46. g5 hxg5+ 47. Kxg5 Nd2 48. Nc6+ Kf8 49. Ncd4 Kg7 50. Nc7 Nc4 51. Ncxe6+ fxe6 52. Nxe6+ Kf7 53. Nd8+ Kg8 54. h5 Nxe3 55. h6 Nc4 56. f4 Kh7 57. Ne6 Nxa3 58. Nf8+ Kh8 59. h7 Kg7 60. f5 Nc4 61. f6+ Kh8 62. Kh6 1-0

[Event "Nizami Ganjavi 880 years U17"]
[Site "Tornelo INT"]
[Date "2021.04.04"]
[Round "7.3"]
[White "Amartuvshin, Ganzorig"]
[Black "Quizon, Daniel"]
[Result "0-1"]
[WhiteElo "2350"]
[BlackElo "2319"]
[PlyCount "86"]
[EventDate "2021.04.02"]
[EventType "team-swiss (blitz)"]
[EventRounds "9"]
[EventCountry "AZE"]
[SourceTitle "EXT 2023"]
[Source "ChessBase"]
[SourceDate "2022.10.05"]
[SourceVersion "1"]
[SourceVersionDate "2022.10.05"]
[SourceQuality "1"]
[WhiteTeam "Mongolia"]
[BlackTeam "Philippines"]
[WhiteTeamCountry "MGL"]
[BlackTeamCountry "PHI"]

1. d4 Nf6 2. c4 g6 3. Nc3 Bg7 4. e4 d6 5. Be2 0-0 6. Nf3 e5 7. 0-0 exd4 8. Nxd4 Re8 9. f3 Nc6 10. Be3 Nh5 11. Nxc6 bxc6 12. Qd2 Be6 13. f4 Nf6 14. Kh1 Qe7 15. h3 Nxe4 16. Nxe4 Bf5 17. Ng3 Qxe3 18. Qxe3 Rxe3 19. Bf3 Bd3 20. Rf2 Rb8 21. Nf1 Re7 22. Rd1 Bxc4 23. b3 Bb5 24. a4 Ba6 25. Bxc6 Rxb3 26. f5 Be5 27. f6 Re6 28. Bd5 Rb2 29. Rxb2 Bxb2 30. Bxe6 fxe6 31. Nh2 Bxf6 32. Rb1 Bd4 33. Rb8+ Kg7 34. Nf3 Bb6 35. Ng5 Bc4 36. Re8 h6 37. Nxe6+ Kf7 38. Nxc7 d5 39. Rc8 d4 40. Na8 Be6 41. Rc6 Bd5 42. Rc8 d3 43. Nxb6 d2 0-1

[Event "Nizami Ganjavi 880 years U17"]
[Site "Tornelo INT"]
[Date "2021.04.03"]
[Round "5.2"]
[White "Tanriverdi, Enes"]
[Black "Amartuvshin, Ganzorig"]
[Result "0-1"]
[WhiteElo "2399"]
[BlackElo "2350"]
[PlyCount "54"]
[EventDate "2021.04.02"]
[EventType "team-swiss (blitz)"]
[EventRounds "9"]
[EventCountry "AZE"]
[SourceTitle "EXT 2023"]
[Source "ChessBase"]
[SourceDate "2022.10.05"]
[SourceVersion "1"]
[SourceVersionDate "2022.10.05"]
[SourceQuality "1"]
[WhiteTeam "Turkey"]
[BlackTeam "Mongolia"]
[WhiteTeamCountry "TUR"]
[BlackTeamCountry "MGL"]

1. d4 Nf6 2. c4 g6 3. Nc3 Bg7 4. e4 d6 5. Nf3 0-0 6. Be2 Na6 7. 0-0 e5 8. Bg5 h6 9. Bh4 exd4 10. Nxd4 Qe8 11. f3 Qe5 12. Bf2 c6 13. Qd2 Qe7 14. Rad1 Nh5 15. g3 Bh3 16. Rfe1 Rad8 17. Nc2 Nc5 18. Ne3 a5 19. Bf1 Bxf1 20. Rxf1 Nf6 21. Kg2 Qe6 22. b3 Nfd7 23. Rfe1 Ne5 24. Ne2 Nxf3 25. Nf4 Qxe4 26. Ned5 Nxe1+ 27. Kg1 Nf3+ 0-1

[Event "Nizami Ganjavi 880 years U17"]
[Site "Tornelo INT"]
[Date "2021.04.02"]
[Round "3.1"]
[White "Amartuvshin, Ganzorig"]
[Black "Tsvetkov, Andrey1111"]
[Result "0-1"]
[WhiteElo "2350"]
[BlackElo "2404"]
[PlyCount "72"]
[EventDate "2021.04.02"]
[EventType "team-swiss (blitz)"]
[EventRounds "9"]
[EventCountry "AZE"]
[SourceTitle "EXT 2023"]
[Source "ChessBase"]
[SourceDate "2022.10.05"]
[SourceVersion "1"]
[SourceVersionDate "2022.10.05"]
[SourceQuality "1"]
[WhiteTeam "Mongolia"]
[BlackTeam "Russia"]
[WhiteTeamCountry "MGL"]
[BlackTeamCountry "RUS"]

1. d4 d5 2. c4 e6 3. Nc3 c6 4. e3 Nf6 5. Nf3 Nbd7 6. Bd3 dxc4 7. Bxc4 b5 8. Bd3 a6 9. e4 c5 10. d5 c4 11. Bc2 e5 12. 0-0 Bc5 13. b3 cxb3 14. axb3 Rb8 15. Ne2 0-0 16. Ng3 Re8 17. Kh1 Qb6 18. Qd2 b4 19. Bb2 a5 20. Nf5 Ba6 21. Qg5 g6 22. Nh6+ Kg7 23. Rfd1 Bxf2 24. d6 Be2 25. Nxe5 Nxe5 26. Nf5+ Kg8 27. Nh6+ Kg7 28. Bxe5 Rxe5 29. Qxe5 Qc5 30. Nf5+ gxf5 31. Qf4 Be3 32. Qg3+ Ng4 33. h3 f4 34. Qh4 Bf2 35. Qe7 Qh5 36. Rd5 Qxh3+ 0-1

[Event "Wch FIDE Online U16 Asia qual"]
[Site "Tornelo INT"]
[Date "2020.12.12"]
[Round "5"]
[White "Amartuvshin, Ganzorig"]
[Black "Navaratnam, Rohan Shan Tze"]
[Result "0-1"]
[WhiteElo "2350"]
[BlackElo "2071"]
[PlyCount "56"]
[EventDate "2020.12.11"]
[EventType "swiss (rapid)"]
[EventRounds "7"]
[EventCountry "ISS"]
[SourceTitle "EXT 2022"]
[Source "ChessBase"]
[SourceDate "2021.10.06"]
[SourceVersion "1"]
[SourceVersionDate "2021.10.06"]
[SourceQuality "1"]

1. d4 d5 2. c4 e6 3. Nc3 c5 4. cxd5 exd5 5. Nf3 Nc6 6. g3 Nf6 7. Bg2 cxd4 8. Nxd4 Bc5 9. Be3 Qb6 10. Nf5 Bxf5 11. Bxc5 Qxc5 12. 0-0 0-0 13. Rc1 d4 14. Nd5 Qd6 15. e4 Nxe4 16. Nf4 Rfe8 17. Re1 Nf6 18. Qb3 Qb4 19. Rxe8+ Rxe8 20. Qd1 Qxb2 21. Bxc6 bxc6 22. Rxc6 Bg4 23. Qf1 Bf3 24. Rc7 h6 25. h3 Qxa2 26. Kh2 a5 27. g4 Ne4 28. Kg1 Qd2 0-1

[Event "Wch FIDE Online U16 Asia qual"]
[Site "Tornelo INT"]
[Date "2020.12.11"]
[Round "1"]
[White "Amartuvshin, Ganzorig"]
[Black "Mortuza Mahathir, Islam"]
[Result "1-0"]
[WhiteElo "2350"]
[BlackElo "1829"]
[PlyCount "71"]
[EventDate "2020.12.11"]
[EventType "swiss (rapid)"]
[EventRounds "7"]
[EventCountry "ISS"]
[SourceTitle "EXT 2022"]
[Source "ChessBase"]
[SourceDate "2021.10.06"]
[SourceVersion "1"]
[SourceVersionDate "2021.10.06"]
[SourceQuality "1"]

1. d4 Nf6 2. c4 g6 3. Nc3 d5 4. cxd5 Nxd5 5. e4 Nxc3 6. bxc3 Bg7 7. Nf3 c5 8. Be3 0-0 9. Be2 Qa5 10. Bd2 Nc6 11. 0-0 Bg4 12. d5 Ne5 13. Nxe5 Bxe2 14. Qxe2 Bxe5 15. Qe3 Rfd8 16. f4 Bg7 17. f5 Qc7 18. Rf3 Rac8 19. Raf1 Qe5 20. Be1 Qd6 21. Bg3 Qb6 22. fxg6 fxg6 23. Qg5 c4+ 24. Kh1 Bf6 25. Qg4 Rf8 26. d6 Qd8 27. dxe7 Qxe7 28. Rxf6 Rxf6 29. Qxc8+ Kg7 30. Rxf6 Qxf6 31. Qxb7+ Kh6 32. h3 Qxc3 33. Bf4+ g5 34. Qc6+ Kh5 35. g4+ Kh4 36. Qh6# 1-0